000 00255nam a2200109Ia 4500
008 220204s9999 xx 000 0 und d
082 _a82-3
_bLOM
100 _aLomax, Bliss
245 0 _aStranger with a gun
260 _aNew York
_bDell
_c1977
942 _cBK
999 _c31023
_d31023